00527nam a2200193Ia 4500008004100000041001200041082000900053100001500062245003800077260004000115300000800155365000700163520002500170546001200195630003800207650002500245655002500270730003800295101110s9999 xx 000 0 und d aENGLISH bFR95 aSingh B.D. aDictionary of plant biotechnology c1998bKalyani publication, Ludhiana a128 b45 aDry-land Agriculture aENGLISH aDictionary of plant biotechnology aDry-land Agriculture aDry-land Agriculture aDictionary of plant biotechnology